[Event "SCG First League m"]
[Site "?"]
[Date "2005.10.23"]
[Round "7"]
[White "Miljkovic Mir1"]
[Black "Milanovic Danilo"]
[Result "1/2-1/2"]
[WhiteElo "2411"]
[BlackElo "2464"]
[PlyCount "67"]
[EventDate "2005.??.??"]
[Source "www.chesslib.no"]
[SourceDate "2004.05.04"]

1. d4 Nf6 2. c4 c5 3. d5 b5 4. cxb5 a6 5. bxa6 g6 6. Nc3 Bxa6 7. e4 Bxf1 8. Kxf1 d6 9. g3 Bg7 10. Kg2 O-O 11. Nf3 Nbd7 12. Re1 Ng4 13. Re2 Nge5 14. Nxe5 Nxe5 15. Bf4 Qa5 16. Rc1 Rfb8 17. Bxe5 Bxe5 18. Rec2 Rb4 19. Qe2 Qa6 20. Qxa6 Rxa6 21. Re1 Kg7 22. Ree2 Bxc3 23. bxc3 Rc4 24. e5 dxe5 25. Rxe5 Kf6 26. Re3 Rca4 27. Rce2 Ra7 28. h4 h5 29. Rb2 Rxa2 30. Rb6+ Kg7 31. Rc6 R2a5 32. Re4 c4 33. d6 exd6 34. Rxd6 1/2-1/2

[Event "Corr"]
[Site "?"]
[Date "1998.??.??"]
[Round "?"]
[White "Letic Stevan"]
[Black "Hansen Mads Smith"]
[Result "0-1"]
[WhiteElo "2360"]
[BlackElo "2510"]
[PlyCount "88"]
[EventDate "1998.??.??"]
[Source "www.chesslib.no"]
[SourceDate "2004.05.04"]

1. d4 Nf6 2. c4 c5 3. d5 b5 4. cxb5 a6 5. bxa6 g6 6. Nc3 Bxa6 7. e4 Bxf1 8. Kxf1 d6 9. g3 Bg7 10. Kg2 O-O 11. Nf3 Nbd7 12. Re1 Qa5 13. e5 Ng4 14. exd6 exd6 15. Bf4 Rfb8 16. Re2 Bxc3 17. bxc3 Qxc3 18. Rc1 Qf6 19. Ng5 Qf5 20. Qd2 Ra4 21. Nf3 Nge5 22. Nxe5 dxe5 23. Be3 e4 24. h3 h5 25. Qd1 Ra3 26. Rd2 Rba8 27. g4 hxg4 28. hxg4 Qe5 29. Qe2 f5 30. gxf5 Qxf5 31. Rh1 Rd3 32. d6 Ne5 33. Rc2 c4 34. Rh3 Rf8 35. Qe1 Nf3 36. Qb4 Qg4+ 37. Rg3 Nh4+ 38. Kh2 Qh5 39. Rh3 Qe5+ 40. Rg3 c3 41. Qc4+ Kh8 42. f4 Rxf4 43. d7 Rg4 44. Bf4 Qxf4 0-1

[Event "2nd IECC, Ohrid MKD"]
[Site "?"]
[Date "2001.??.??"]
[Round "10"]
[White "Mikhalevski, V."]
[Black "Stojanovski, D."]
[Result "1/2-1/2"]
[WhiteElo "2520"]
[BlackElo "2350"]
[PlyCount "127"]
[EventDate "2001.??.??"]
[Source "www.chesslib.no"]
[SourceDate "2004.05.04"]

1. d4 Nf6 2. c4 c5 3. d5 b5 4. cxb5 a6 5. bxa6 g6 6. Nc3 Bxa6 7. e4 Bxf1 8. Kxf1 d6 9. g3 Bg7 10. Kg2 O-O 11. Nf3 Nbd7 12. Re1 Ra6 13. h3 Qa8 14. Qc2 Rb8 15. Rb1 Nb6 16. b3 Nfd7 17. a4 c4 18. b4 Bxc3 19. Qxc3 Rxa4 20. h4 f6 21. h5 g5 22. g4 h6 23. Re2 Rb7 24. Nd4 Ne5 25. Nf5 Kh7 26. Be3 Ra2 27. Rxa2 Qxa2 28. Rb2 Qa6 29. b5 Qa1 30. Qc2 Nd3 31. Rb1 Qa4 32. Qxa4 Nxa4 33. b6 c3 34. Rb3 Ndc5 35. Ra3 Nxb6 36. Bxc5 dxc5 37. Rxc3 Na4 38. Rc2 Rc7 39. Ne3 Nb6 40. Rb2 Nc8 41. Nc4 Nd6 42. Nxd6 exd6 43. Rb6 Rd7 44. f4 Kg7 45. Kf3 Kf7 46. fxg5 hxg5 47. Ke3 Ke7 48. Rb8 Kf7 49. e5 fxe5 50. Ke4 Kf6 51. Rg8 Rg7 52. Re8 Rd7 53. Rg8 Rg7 54. Rh8 Rf7 55. Ke3 Kg7 56. Rd8 Rf4 57. Rd7+ Kg8 58. Rxd6 Rxg4 59. Re6 Rd4 60. Rxe5 g4 61. Re8+ Kf7 62. h6 Kg6 63. Re6+ Kh7 64. Rd6 1/2-1/2

[Event "Clarin Open"]
[Site "La Carlota"]
[Date "1995.??.??"]
[Round "1"]
[White "Ricardi, Pablo"]
[Black "Malbran, Guillermo"]
[Result "1-0"]
[WhiteElo "2530"]
[BlackElo "2335"]
[PlyCount "80"]
[EventDate "1995.??.??"]
[Source "www.chesslib.no"]
[SourceDate "2004.05.04"]

1. d4 Nf6 2. c4 c5 3. d5 b5 4. cxb5 a6 5. bxa6 g6 6. Nc3 Bxa6 7. e4 Bxf1 8. Kxf1 d6 9. g3 Bg7 10. Kg2 Nbd7 11. Nf3 O-O 12. Qe2 Qb6 13. Rb1 Qa6 14. Qxa6 Rxa6 15. b3 Ng4 16. Na4 Rb8 17. Bf4 Kf8 18. Rhe1 Nge5 19. Bxe5 Nxe5 20. Nxe5 Bxe5 21. f4 Bd4 22. Rbc1 f6 23. Rc4 Ke8 24. Re2 Kf7 25. Kf3 e6 26. g4 e5 27. fxe5 fxe5 28. Kg2 Ke7 29. Rc1 Rf8 30. Rf1 Rxf1 31. Kxf1 Ra8 32. Nb6 Rf8+ 33. Kg2 Kd8 34. Nc4 Kc7 35. h3 h5 36. Nd2 hxg4 37. hxg4 Rf4 38. Kg3 Bc3 39. Nf3 Kb6 40. Nh4 Rf6 1-0

[Event "Perenyi mem 2nd"]
[Site "Gyula"]
[Date "1998.??.??"]
[Round "9"]
[White "Ruck, Robert"]
[Black "Turzo, Attila"]
[Result "1-0"]
[WhiteElo "2450"]
[BlackElo "2415"]
[PlyCount "90"]
[EventDate "1998.02.23"]
[Source "ChessBase"]
[SourceDate "1998.04.29"]

1. d4 Nf6 2. c4 c5 3. d5 b5 4. cxb5 a6 5. bxa6 g6 6. Nc3 Bxa6 7. e4 Bxf1 8. Kxf1 d6 9. g3 Bg7 10. Kg2 O-O 11. Nf3 Nbd7 12. Re1 Ra6 13. h3 Qa8 14. Bf4 Nb6 15. Qc2 Na4 16. Nxa4 Rxa4 17. a3 Rb8 18. Rad1 Nd7 19. e5 Ra6 20. Rd2 Rab6 21. b4 Qxa3 22. bxc5 Nxc5 23. exd6 exd6 24. Re3 Qa4 25. Bxd6 Rxd6 26. Qxc5 Rbd8 27. Red3 Qe4 28. Re3 Qf5 29. Re8+ Bf8 30. Rxd8 Rxd8 31. Qc4 h5 32. h4 Rc8 33. Qb3 Qf6 34. Rd3 Bd6 35. Ng5 Qe5 36. Rf3 Rc7 37. Qd3 Kg7 38. Re3 Qb2 39. Rf3 Rd7 40. Qe4 Qe5 41. Qc4 Rc7 42. Qd3 Rd7 43. Re3 Qb2 44. Qe4 Bc5 45. Rf3 Qd4 1-0

[Event "Hradec Kralove"]
[Site "Hradec Kralove CZE"]
[Date "1981.??.??"]
[Round "9"]
[White "Lebredo, Gerardo"]
[Black "Palatnik, Semyon"]
[Result "0-1"]
[WhiteElo "2375"]
[BlackElo "2490"]
[PlyCount "70"]
[EventDate "1981.??.??"]
[Source "www.chesslib.no"]
[SourceDate "2004.05.04"]

1. d4 Nf6 2. c4 c5 3. d5 b5 4. cxb5 a6 5. bxa6 g6 6. Nc3 Bxa6 7. e4 Bxf1 8. Kxf1 d6 9. g3 Bg7 10. Kg2 O-O 11. Nge2 Qb6 12. Rb1 Nbd7 13. Bf4 Ng4 14. h3 Nge5 15. b3 Qa6 16. Qd2 Qd3 17. Qxd3 Nxd3 18. Be3 Rfb8 19. Rhd1 Nb4 20. a4 Nc2 21. Bg5 Bxc3 22. Nxc3 f6 23. Bd2 Nd4 24. Nb5 Nxb5 25. axb5 Rxb5 26. Ra1 Rab8 27. Ra7 R5b7 28. Rda1 Kf7 29. Rxb7 Rxb7 30. Ra3 f5 31. f3 Nf6 32. Ra4 Rxb3 33. Kf2 fxe4 34. fxe4 Nh5 35. e5 dxe5 0-1

[Event "ROM Team Ch"]
[Site "Romania"]
[Date "1993.??.??"]
[Round "5"]
[White "Marin, Mihail"]
[Black "Biriescu, Ioan"]
[Result "1-0"]
[WhiteElo "2515"]
[BlackElo "2340"]
[PlyCount "81"]
[EventDate "1993.??.??"]
[Source "www.chesslib.no"]
[SourceDate "2004.05.04"]

1. d4 Nf6 2. c4 c5 3. d5 b5 4. cxb5 a6 5. bxa6 g6 6. Nc3 Bxa6 7. e4 Bxf1 8. Kxf1 d6 9. g3 Bg7 10. Kg2 O-O 11. Nf3 Nbd7 12. h3 Nb6 13. Re1 Qd7 14. a4 Rfb8 15. Qc2 Ne8 16. b3 Nc7 17. Bb2 Na6 18. Qe2 c4 19. a5 Nc8 20. bxc4 Nc5 21. Nd1 Nb3 22. Bxg7 Kxg7 23. Ra3 Nxa5 24. Qa2 Qc7 25. Ne3 Ra6 26. Ra1 Rba8 27. Nd4 Nb6 28. Nc6 Nxc6 29. Rxa6 Rxa6 30. Qxa6 Ne5 31. Rc1 Qc5 32. Qa1 f6 33. Qc3 Kf7 34. f4 Ned7 35. Ng4 Qc7 36. e5 fxe5 37. fxe5 dxe5 38. Qf3+ Kg7 39. Rf1 Nf6 40. Nxf6 exf6 41. Qxf6+ 1-0

[Event "Corr"]
[Site "?"]
[Date "2002.08.04"]
[Round "?"]
[White "Eckstein Michael"]
[Black "Halwick Floyd J Jr"]
[Result "1/2-1/2"]
[WhiteElo "2412"]
[BlackElo "2439"]
[PlyCount "90"]
[EventDate "2002.??.??"]
[Source "www.chesslib.no"]
[SourceDate "2004.05.04"]

1. d4 Nf6 2. c4 c5 3. d5 b5 4. cxb5 a6 5. bxa6 g6 6. Nc3 Bxa6 7. e4 Bxf1 8. Kxf1 d6 9. g3 Bg7 10. Kg2 Nbd7 11. Nf3 O-O 12. Re1 Ra6 13. h3 Qa8 14. Bg5 h6 15. Bd2 e6 16. dxe6 fxe6 17. Qc2 g5 18. a4 d5 19. e5 Nh7 20. Ra3 d4 21. Nb5 Qc6 22. b4 d3 23. Rxd3 Nxe5 24. Rxe5 Bxe5 25. Qxc5 Qxc5 26. bxc5 Bb8 27. Bc3 Nf6 28. Bxf6 Rxf6 29. Rc3 e5 30. Rc4 Rac6 31. Nd2 Rf8 32. Ne4 Kf7 33. Kf3 Bc7 34. Ke3 Bd8 35. Nbd6+ Ke6 36. Rb4 Be7 37. Nb7 Ra6 38. Nc3 h5 39. f3 h4 40. gxh4 gxh4 41. Rg4 Rc6 42. Rg6+ Kd7 43. Rg7 Ke6 44. Rg6+ Kd7 45. Rg7 Ke6 1/2-1/2

[Event "Hamburg-chI"]
[Site "Hamburg"]
[Date "1998.05.30"]
[Round "2"]
[White "Pelletier, Yannick"]
[Black "Meyer, Falko"]
[Result "1-0"]
[WhiteElo "2515"]
[BlackElo "2330"]
[PlyCount "97"]
[EventDate "1998.05.29"]
[Source "ChessBase"]
[SourceDate "1998.07.07"]

1. d4 Nf6 2. c4 c5 3. d5 b5 4. cxb5 a6 5. bxa6 Bxa6 6. Nc3 g6 7. e4 Bxf1 8. Kxf1 d6 9. g3 Bg7 10. Kg2 O-O 11. Nf3 Qb6 12. Re1 Ng4 13. Qe2 Nd7 14. Nd2 h5 15. h3 Nh6 16. Nc4 Qa6 17. Bd2 Rfb8 18. Rac1 Kh7 19. g4 Ne5 20. Nxe5 Qxe2 21. Rxe2 Bxe5 22. g5 Rxb2 23. Nd1 Rxd2 24. Rxd2 Bf4 25. Ne3 Bxg5 26. Rcc2 Ra4 27. Rd3 Bxe3 28. Rxe3 f5 29. e5 f4 30. Rec3 Nf5 31. exd6 exd6 32. Rc4 Ra3 33. Rxf4 Kg7 34. h4 Kf6 35. Re2 Kg7 36. Kf1 Rh3 37. Ree4 Rd3 38. a4 Ra3 39. Ke1 Kh6 40. Re6 Kg7 41. Kd2 Ra2+ 42. Kc3 Nd4 43. Re7+ Kg8 44. Rf6 Rxa4 45. Rxg6+ Kf8 46. Rb7 Ne2+ 47. Kb3 Ra1 48. Rf6+ Kg8 49. Kb2 1-0

[Event "Hamburg HSK"]
[Site "Hamburg"]
[Date "1991.??.??"]
[Round "11"]
[White "Haik, Aldo"]
[Black "Heinemann, Thies"]
[Result "1/2-1/2"]
[WhiteElo "2435"]
[BlackElo "2405"]
[PlyCount "21"]
[EventDate "1991.??.??"]
[Source "ChessBase"]

1. d4 Nf6 2. c4 c5 3. d5 b5 4. cxb5 a6 5. bxa6 g6 6. Nc3 Bxa6 7. e4 Bxf1 8. Kxf1 d6 9. g3 Bg7 10. Kg2 O-O 11. Nf3 1/2-1/2

[Event "FRA-chT2S 9900"]
[Site "?"]
[Date "1999.11.23"]
[Round "3"]
[White "Daniilidis Aris"]
[Black "Lazarev Vladimir"]
[Result "0-1"]
[WhiteElo "2324"]
[BlackElo "2514"]
[PlyCount "106"]
[EventDate "1999.??.??"]
[Source "www.chesslib.no"]
[SourceDate "2004.05.04"]

1. d4 Nf6 2. c4 c5 3. d5 b5 4. cxb5 a6 5. bxa6 g6 6. Nc3 Bxa6 7. e4 Bxf1 8. Kxf1 d6 9. g3 Bg7 10. Kg2 O-O 11. h3 Nbd7 12. Qc2 Ra6 13. Nge2 Qa8 14. Be3 Rb8 15. Rad1 Rb4 16. f3 Ne8 17. b3 Nc7 18. g4 Nb5 19. Bd2 Nxc3 20. Nxc3 Bxc3 21. Qxc3 Rxa2 22. Kg3 Qb7 23. Ra1 Rxa1 24. Qxa1 Rxb3 25. Bc3 f6 26. g5 Ne5 27. gxf6 exf6 28. Rf1 Qb5 29. Bxe5 fxe5 30. Qa8+ Qb8 31. Ra1 Qf8 32. Qxf8+ Kxf8 33. Ra6 Ke7 34. Ra7+ Kd8 35. Rxh7 c4 36. Kf2 c3 37. Ke3 c2+ 38. Kd2 Rxf3 39. Kxc2 Re3 40. Rh4 Kc7 41. Kd2 Rg3 42. Ke2 Kb6 43. Kf2 Rg5 44. Rh6 Kc5 45. h4 Rh5 46. Rxg6 Rxh4 47. Kf3 Rf4+ 48. Ke3 Rh4 49. Kf3 Rh1 50. Kg4 Rf1 51. Kh5 Re1 52. Kg5 Rxe4 53. Kf5 Rd4 0-1

[Event "Open"]
[Site "?"]
[Date "2000.??.??"]
[Round "4"]
[White "Fish Gannadij"]
[Black "Labensky Igor"]
[Result "1-0"]
[WhiteElo "2471"]
[BlackElo "2367"]
[PlyCount "51"]
[EventDate "2000.??.??"]
[Source "www.chesslib.no"]
[SourceDate "2004.05.04"]

1. d4 Nf6 2. c4 c5 3. d5 b5 4. cxb5 a6 5. bxa6 Bxa6 6. Nc3 g6 7. e4 Bxf1 8. Kxf1 d6 9. g3 Bg7 10. Kg2 O-O 11. Nf3 Nbd7 12. h3 Qa5 13. Re1 Rfb8 14. e5 dxe5 15. Nxe5 Nxe5 16. Rxe5 Ra7 17. Qf3 Ne8 18. Re2 Nd6 19. Bf4 Rb6 20. g4 Nc4 21. Rc1 Kf8 22. Bg5 Rbb7 23. Qf4 Nxb2 24. Rxe7 f5 25. Rxb7 Rxb7 26. Qd6+ 1-0

[Event "Moscow ol (Men)"]
[Site "Moscow"]
[Date "1994.??.??"]
[Round "6"]
[White "Moutousis, Konstantinos"]
[Black "West, Guy"]
[Result "0-1"]
[WhiteElo "2425"]
[BlackElo "2410"]
[PlyCount "70"]
[EventDate "1994.11.??"]
[Source "ChessBase"]

1. d4 Nf6 2. c4 c5 3. d5 b5 4. cxb5 a6 5. bxa6 Bxa6 6. Nc3 d6 7. e4 Bxf1 8. Kxf1 g6 9. g3 Bg7 10. Kg2 O-O 11. Nf3 Nbd7 12. h3 Qa5 13. Re1 Rfb8 14. Re2 Ne8 15. Qc2 Nc7 16. Bd2 Qa6 17. Bf4 Nb5 18. Nxb5 Qxb5 19. e5 dxe5 20. Nxe5 Nxe5 21. Bxe5 Bxe5 22. Rxe5 Qxb2 23. Qxb2 Rxb2 24. Rxe7 Rd2 25. Rd7 Rb8 26. Kf3 Rbb2 27. Kf4 Rxf2+ 28. Ke5 Rb6 29. a3 Re2+ 30. Kf4 Rf6+ 31. Kg5 Kg7 32. Kh4 h6 33. Rc1 Re4+ 34. g4 Rf3 35. Rh1 Ree3 0-1

[Event "Reykjavik CC Inv"]
[Site "Reykjavik ISL"]
[Date "2007.09.17"]
[Round "1"]
[White "Lund, E."]
[Black "Gunnarsson, J."]
[Result "0-1"]
[WhiteElo "2406"]
[BlackElo "2427"]
[PlyCount "88"]
[EventDate "2007.09.17"]
[Source "www.chesslib.no"]
[SourceDate "2004.05.04"]

1. d4 Nf6 2. c4 c5 3. d5 b5 4. cxb5 a6 5. bxa6 g6 6. Nc3 Bxa6 7. e4 Bxf1 8. Kxf1 d6 9. g3 Nbd7 10. Kg2 Bg7 11. Nf3 O-O 12. Re1 Qa5 13. h3 Rfb8 14. e5 dxe5 15. Nxe5 Nxe5 16. Rxe5 Rb7 17. Qf3 Ne8 18. Re2 Nd6 19. g4 Rd8 20. a4 c4 21. Ra3 Bxc3 22. Rxc3 Qxa4 23. Bg5 f6 24. Bf4 Nb5 25. b3 cxb3 26. Rxb3 Nd4 27. Rxb7 Nxf3 28. Kxf3 g5 29. Bh2 Rd7 30. Rxd7 Qxd7 31. Rd2 h5 32. d6 Kf7 33. gxh5 Qxh3+ 34. Bg3 exd6 35. Rxd6 f5 36. Rd7+ Ke6 37. Rd6+ Ke7 38. Ke2 f4 39. Rd3 Qxh5+ 40. Ke1 Qh1+ 41. Ke2 Qe4+ 42. Kd2 Kf6 43. Rd6+ Kf5 44. Rd3 Qxd3+ 0-1

[Event "Corr"]
[Site "?"]
[Date "2000.??.??"]
[Round "?"]
[White "Amorim Douglas Airton Ferr"]
[Black "Menendez Daniel"]
[Result "0-1"]
[WhiteElo "2411"]
[BlackElo "2422"]
[PlyCount "54"]
[EventDate "2000.??.??"]
[Source "www.chesslib.no"]
[SourceDate "2004.05.04"]

1. d4 Nf6 2. c4 c5 3. d5 b5 4. cxb5 a6 5. bxa6 g6 6. Nc3 Bxa6 7. e4 Bxf1 8. Kxf1 d6 9. g3 Bg7 10. Kg2 O-O 11. Nf3 Nbd7 12. Re1 Qb6 13. h3 Rfb8 14. Re2 Ne8 15. Bf4 Qa6 16. Rc1 Bxc3 17. bxc3 Qc4 18. Rcc2 Ra3 19. Nd2 Qa4 20. Nb3 c4 21. Nd4 Nc5 22. Nc6 Rb7 23. Qd4 Nd3 24. e5 dxe5 25. Nxe5 Nxe5 26. Bxe5 Qb5 27. Qxc4 Qxc4 0-1

[Event "Mind Sports Games - Blitz Team w"]
[Site "Pechino CINA"]
[Date "2008.10.13"]
[Round "3"]
[White "Medvegy, N."]
[Black "Pogonina, N."]
[Result "0-1"]
[WhiteElo "2355"]
[BlackElo "2474"]
[PlyCount "144"]
[EventDate "2008.10.13"]
[Source "www.chesslib.no"]
[SourceDate "2004.05.04"]

1. d4 Nf6 2. c4 c5 3. d5 b5 4. cxb5 a6 5. bxa6 g6 6. Nc3 Bxa6 7. e4 Bxf1 8. Kxf1 d6 9. g3 Bg7 10. Kg2 O-O 11. Nf3 Nbd7 12. Re1 Qb6 13. e5 dxe5 14. Nxe5 Nxe5 15. Rxe5 Qb7 16. Qf3 Rfd8 17. Rb1 Rd7 18. b3 Rad8 19. Bg5 h6 20. Bc1 Nxd5 21. Rxd5 Rxd5 22. Nxd5 Rxd5 23. Bb2 Qd7 24. Bxg7 Kxg7 25. Rb2 Rd3 26. Qe4 Rd5 27. Re2 e6 28. Rc2 Qd6 29. Qe3 Rd4 30. Qc3 Qd5+ 31. Qf3 Qe5 32. h4 h5 33. Qc3 Qe4+ 34. Kh2 Kh7 35. Rd2 e5 36. Qc2 Qf3 37. Re2 Qd5 38. Qc3 Rd1 39. Re1 Rd2 40. Qe3 Rxa2 41. Kg1 Qd4 42. Qf3 Kg7 43. Rd1 Rd2 44. Re1 Rc2 45. Rd1 Rd2 46. Re1 Rd3 47. Qe2 Rxb3 48. Qxe5+ Qxe5 49. Rxe5 Rc3 50. Kg2 Kf6 51. Rd5 Ke6 52. Rd8 c4 53. Rc8 Rc1 54. Kf3 Kd5 55. Kf4 Rf1 56. f3 Kd4 57. Rd8+ Kc3 58. Rd7 Kb2 59. Rxf7 c3 60. Rb7+ Kc1 61. Rc7 c2 62. Kg5 Rxf3 63. Kxg6 Rxg3+ 64. Kxh5 Kd2 65. Rxc2+ Kxc2 66. Kh6 Kd3 67. h5 Ke4 68. Kh7 Kf5 69. h6 Kf6 70. Kh8 Ra3 71. Kh7 Ra7+ 72. Kg8 Kg6 0-1

[Event "XIX Czech Chladek & Tintera A Open"]
[Site "Pardubice CEC"]
[Date "2008.07.19"]
[Round "2"]
[White "Akesson, R."]
[Black "Sabol, M."]
[Result "1-0"]
[WhiteElo "2481"]
[BlackElo "2345"]
[PlyCount "69"]
[EventDate "2008.07.18"]
[Source "www.chesslib.no"]
[SourceDate "2004.05.04"]

1. d4 Nf6 2. c4 c5 3. d5 b5 4. cxb5 a6 5. bxa6 Bxa6 6. Nc3 d6 7. e4 Bxf1 8. Kxf1 g6 9. g3 Bg7 10. Kg2 O-O 11. Nf3 Nbd7 12. Re1 Ra6 13. Bf4 Qa8 14. Rc1 Ng4 15. Rc2 Nge5 16. Nxe5 Nxe5 17. Qe2 Rc8 18. Rec1 Rb6 19. b3 Rcb8 20. Nd1 Qa6 21. Bxe5 Bxe5 22. Ne3 Bd4 23. Nc4 R6b7 24. h4 Ra7 25. h5 Qc8 26. Qd2 Qd8 27. Rh1 Bg7 28. f4 Ra6 29. hxg6 hxg6 30. f5 Rba8 31. a4 Rb8 32. fxg6 fxg6 33. Qg5 Qe8 34. Rf2 Bf6 35. Qh6 1-0

[Event "Corr"]
[Site "?"]
[Date "1998.??.??"]
[Round "?"]
[White "Gonzalez Alberto H"]
[Black "Acedo Hector Oscar"]
[Result "1-0"]
[WhiteElo "2459"]
[BlackElo "2366"]
[PlyCount "67"]
[EventDate "1998.??.??"]
[Source "www.chesslib.no"]
[SourceDate "2004.05.04"]

1. d4 Nf6 2. c4 c5 3. d5 b5 4. cxb5 a6 5. bxa6 Bxa6 6. Nc3 d6 7. e4 Bxf1 8. Kxf1 g6 9. g3 Bg7 10. Kg2 O-O 11. Nf3 Nbd7 12. Re1 Qa5 13. h3 Rfb8 14. e5 Nxe5 15. Nxe5 dxe5 16. Rxe5 Ra7 17. Qf3 Ne8 18. Re2 Nd6 19. Bf4 Rb6 20. Rae1 Nf5 21. Qd3 Rbb7 22. d6 Rd7 23. dxe7 Nxe7 24. Qf3 h6 25. Be5 Nf5 26. Qf4 f6 27. Bb8 Rd4 28. Qf3 Rad7 29. Re8+ Kf7 30. Qc6 Ne7 31. R1xe7+ Rxe7 32. Rxe7+ Kxe7 33. Bc7 Qb4 34. Bb6 1-0

[Event "Open, Lisbon POR"]
[Site "?"]
[Date "2001.??.??"]
[Round "6"]
[White "Akesson, R."]
[Black "Carrasco Martinez, J."]
[Result "1-0"]
[WhiteElo "2480"]
[BlackElo "2340"]
[PlyCount "59"]
[EventDate "2001.??.??"]
[Source "www.chesslib.no"]
[SourceDate "2004.05.04"]

1. d4 Nf6 2. c4 c5 3. d5 b5 4. cxb5 a6 5. bxa6 g6 6. Nc3 Bxa6 7. e4 Bxf1 8. Kxf1 d6 9. g3 Bg7 10. Kg2 O-O 11. Nf3 Nbd7 12. Re1 Qa5 13. e5 dxe5 14. Nxe5 Nxe5 15. Rxe5 Ra7 16. Qe2 Re8 17. d6 e6 18. Nb5 Rb7 19. a4 Nd7 20. Re4 Reb8 21. Ra3 Qa6 22. Kg1 Qc6 23. Rd3 c4 24. Rd1 Nb6 25. Qc2 Rc8 26. Nc7 Qxa4 27. Qxa4 Nxa4 28. Rxc4 Nxb2 29. Bxb2 Rxb2 30. Nxe6 1-0

[Event "LADAC"]
[Site "?"]
[Date "1999.11.01"]
[Round "?"]
[White "Dias Sergio Moreira Ferr"]
[Black "Mairal Carlos Alberto (ARG"]
[Result "1-0"]
[WhiteElo "2379"]
[BlackElo "2440"]
[PlyCount "67"]
[EventDate "1999.??.??"]
[Source "www.chesslib.no"]
[SourceDate "2004.05.04"]

1. d4 Nf6 2. c4 c5 3. d5 b5 4. cxb5 a6 5. bxa6 g6 6. Nc3 Bxa6 7. e4 Bxf1 8. Kxf1 d6 9. g3 Bg7 10. Kg2 O-O 11. Nf3 Nbd7 12. h3 Ra6 13. Re1 Qa8 14. Bg5 h6 15. Bd2 e6 16. dxe6 fxe6 17. Qc2 g5 18. Nb5 Qb7 19. a4 d5 20. exd5 exd5 21. Re7 Ne4 22. Bc3 Bxc3 23. Nxc3 Rxf3 24. Nxe4 dxe4 25. Rd1 Raf6 26. Rdxd7 Rxf2+ 27. Qxf2 Rxf2+ 28. Kxf2 Qxb2+ 29. Ke3 Qb3+ 30. Kxe4 Qxa4+ 31. Kd5 Kf8 32. Rf7+ Ke8 33. Rde7+ Kd8 34. Ra7 1-0

[Event "Lomas de Zamora op"]
[Site "?"]
[Date "1995.??.??"]
[Round "6"]
[White "Quiroga Facundo"]
[Black "Pierrot Juan Facundo"]
[Result "1-0"]
[WhiteElo "2440"]
[BlackElo "2370"]
[PlyCount "89"]
[EventDate "1995.??.??"]
[Source "www.chesslib.no"]
[SourceDate "2004.05.04"]

1. d4 Nf6 2. c4 c5 3. d5 b5 4. cxb5 a6 5. bxa6 Bxa6 6. Nc3 d6 7. e4 Bxf1 8. Kxf1 g6 9. g3 Bg7 10. Kg2 O-O 11. Nf3 Nbd7 12. Re1 Nb6 13. Re2 Qd7 14. Bd2 Ng4 15. h3 Ne5 16. Nxe5 Bxe5 17. Bh6 Rfb8 18. Rc1 Nc4 19. b3 Na3 20. Be3 Qb7 21. f4 Bg7 22. Bf2 Ra5 23. Kh2 Rba8 24. Qd3 Qc7 25. Nd1 Qb7 26. Be1 R5a6 27. Bc3 Nb5 28. Bxg7 Kxg7 29. Nc3 Nd4 30. Rf2 Kg8 31. f5 Qd7 32. Rcf1 gxf5 33. exf5 f6 34. Rg1 Kh8 35. g4 R6a7 36. g5 fxg5 37. Rxg5 Qe8 38. Qg3 Qf7 39. Rg2 Qf8 40. Qg4 Rb7 41. Ne4 Rbb8 42. a4 Rb7 43. Rh5 Qg8 44. Ng5 Rxb3 45. Qh4 1-0